ARRUPE JESUIT UNIVERSITY

CORONAVIRUS -STOP THE SPREAD - CLEAN,DISINFECT,COVER

Karanga mythology : (Record no. 21268)

MARC details
000 -LEADER
fixed length control field 01305nam a2200325 a 4500
001 - CONTROL NUMBER
control field 1995483
003 - CONTROL NUMBER IDENTIFIER
control field ARRUPE
005 - DATE AND TIME OF LATEST TRANSACTION
control field 20171010093400.0
008 - FIXED-LENGTH DATA ELEMENTS--GENERAL INFORMATION
fixed length control field 921201s1989 rh b 001 0 eng d
010 ## - LIBRARY OF CONGRESS CONTROL NUMBER
LC control number 89981419
020 ## - INTERNATIONAL STANDARD BOOK NUMBER
International Standard Book Number 0869224506
035 ## - SYSTEM CONTROL NUMBER
System control number (OCoLC)21561138
040 ## - CATALOGING SOURCE
Original cataloging agency MB
Transcribing agency MBU
Modifying agency DLC
041 1# - LANGUAGE CODE
Language code of text/sound track or separate title eng
Language code of original and/or intermediate translations of text ger
042 ## - AUTHENTICATION CODE
Authentication code lccopycat
043 ## - GEOGRAPHIC AREA CODE
Geographic area code f-rh---
050 00 - LIBRARY OF CONGRESS CALL NUMBER
Classification number GR358.62.K37
Item number A83 1989
082 00 - DEWEY DECIMAL CLASSIFICATION NUMBER
Classification number 398.2/04963975
Edition number 20
300 ## - PHYSICAL DESCRIPTION
Dimensions 22 cm.
100 1# - MAIN ENTRY--PERSONAL NAME
Personal name Aschwanden, Herbert,
Dates associated with a name 1933-
9 (RLIN) 36901
245 10 - TITLE STATEMENT
Title Karanga mythology :
Remainder of title an analysis of the consciousness of the Karanga in Zimbabwe /
Statement of responsibility, etc by Herbert Aschwanden in co-operation with the African nursing sisters of the Musiso Hospital, Zimbabwe ; English translation by Ursula Cooper.
260 ## - PUBLICATION, DISTRIBUTION, ETC. (IMPRINT)
Place of publication, distribution, etc Gweru, Zimbabwe :
Name of publisher, distributor, etc Mambo Press,
Date of publication, distribution, etc 1989.
300 ## - PHYSICAL DESCRIPTION
Extent 287 p. ;
440 #0 - SERIES STATEMENT/ADDED ENTRY--TITLE
Title Shona heritage series ;
Volume number/sequential designation 5
9 (RLIN) 36902
504 ## - BIBLIOGRAPHY, ETC. NOTE
Bibliography, etc Includes bibliographical references and index.
650 #0 - SUBJECT ADDED ENTRY--TOPICAL TERM
Topical term or geographic name as entry element Karanga (African people)
General subdivision Folklore.
9 (RLIN) 36903
650 #0 - SUBJECT ADDED ENTRY--TOPICAL TERM
Topical term or geographic name as entry element Karanga (African people)
General subdivision Religion.
9 (RLIN) 36904
650 #0 - SUBJECT ADDED ENTRY--TOPICAL TERM
Topical term or geographic name as entry element Mythology, Karanga.
9 (RLIN) 36905
906 ## - LOCAL DATA ELEMENT F, LDF (RLIN)
a 7
b cbc
c copycat
d 4
e ncip
f 19
g y-gencatlg
942 ## - ADDED ENTRY ELEMENTS (KOHA)
Source of classification or shelving scheme Library of Congress Classification
Koha item type Monograph ( Printed materials)
Holdings
Withdrawn status Lost status Source of classification or shelving scheme Damaged status Not for loan Collection code Home library Current library Shelving location Date acquired Total Checkouts Full call number Barcode Checked out Date last seen Date checked out Copy number Price effective from Koha item type
    Library of Congress Classification     Main Collection ARRUPE LIBRARY ARRUPE LIBRARY   04/03/2013 3 GR358.62K37A83 1989 46003042759 13/11/2025 14/10/2025 14/10/2025 1 04/03/2013 Monograph ( Printed materials)
    Library of Congress Classification     Main Collection ARRUPE LIBRARY ARRUPE LIBRARY   04/03/2013 1 GR358.62K37A83 1989 46003042798   25/09/2018 06/06/2018 2 04/03/2013 Monograph ( Printed materials)
    Library of Congress Classification     Main Collection ARRUPE LIBRARY ARRUPE LIBRARY   04/03/2013 1 GR358.62K37A83 1989 46003042795   17/11/2023 18/10/2023 3 04/03/2013 Monograph ( Printed materials)
    Library of Congress Classification     Main Collection ARRUPE LIBRARY ARRUPE LIBRARY   04/03/2013 7 GR358.62K37A83 1989 46003039285   03/10/2024 05/02/2024 4 04/03/2013 Monograph ( Printed materials)
    Library of Congress Classification     Main Collection ARRUPE LIBRARY ARRUPE LIBRARY Main Collection 07/10/2021   GR358.62.K37 A83 1989 46600007579   07/10/2021   5 07/10/2021 Monograph ( Printed materials)

 

Arrupe Library. PO Box MP320 Mt Pleasant, Harare, Zimbabwe
263 242 745411|librarian@aju.ac.zw